Statystyki dla Państwa według jednej podpowiedzi #9

Kliknij tutaj aby rozwiązać quiz!

Ogólne statystyki

  • Ten quiz został rozwiązany 4 158 razy
  • Średni wynik to 10 z 20

Statystyki odpowiedzi

Podpowiedź:Państwo% Poprawnych
Jest najbardziej wysunięte na północ ze wszystkich państw afrykańskich.Tunezja
91%
Jego stolicą jest Wilno.Litwa
87%
Mieszka tam więcej katolików niż w jakimkolwiek innym państwie w Europie Wschodniej.Polska
77%
Używa najstarszej konstytucji na świecie.Stany Zjednoczone
77%
Ma największe PKB na osobę na półkuli południowej.Australia
72%
Jest najbardziej wysunięte na południe ze wszystkich państw środkowoamerykańskich.Panama
61%
Większość jego terenów leży w delcie Gangesu.Bangladesz
51%
Jego cesarze byli chowani w jadeitowych garniturach.Chiny
49%
W jego granicach leży autonomiczny region Kurdystanu, który ma swój własny parlament.Irak
48%
Jest największym państwem śródlądowym na półkuli zachodniej.Boliwia
46%
Najbardziej wykształcone państwo Bliskiego Wschodu.Izrael
46%
Piraci z tego kraju zainspirowali twórcę filmu "Kapitan Phillips".Somalia
45%
Ma całkowitą sumę opadów większą niż jakiekolwiek inne państwo.Brazylia
42%
Leży tam Atakama.Chile
39%
Jedyny kraj, oprócz Indii, którego większość obywateli wyznaje hinduizm.Nepal
37%
Melania Trump urodziła się w tym małym alpejskim państwie.Słowenia
35%
Płyną tam rzeki Shannon i Liffey.Irlandia
31%
Do 1480 roku możliwe było przejść z tego państwa do Indii.Sri Lanka
30%
Romowie pierwotnie pochodzą z tego państwa.Indie
21%
Jest rządzone przez króla Abdullaha II, który jest czasem uznawany za dobroczynnego dyktatora.Jordania
13%

Rozkład punktacji

Percentyl według liczby udzielonych odpowiedzi

Procent ludzi z każdym wynikiem

Twoja historia wyników

Nie rozwiązałeś tego quizu